| 000 | 01214cam a22003614a 4500 | ||
|---|---|---|---|
| 001 | 14364274 | ||
| 003 | OSt | ||
| 005 | 20231004134229.0 | ||
| 008 | 060504s2007 enka b 001 0 eng | ||
| 010 | _a 2006014984 | ||
| 020 | _a0415386233 (hbk) | ||
| 020 | _a9780415386234 (hbk) | ||
| 020 | _a9780415692595 | ||
| 020 | _a9780415386241 (pbk) | ||
| 020 | _a0203966090 (ebk) | ||
| 020 | _a9780203966099 (ebk) | ||
| 035 | _a(OCoLC)ocm68786715 | ||
| 035 | _a(OCoLC)68786715 | ||
| 040 |
_aDLC _cDLC _dBAKER _dBTCTA _dBWKUK _dYDXCP _dYDX _dDLC |
||
| 042 | _apcc | ||
| 050 | 0 | 0 |
_aTH146 _b.C514 2007 |
| 082 | 0 | 0 |
_a600 CHA 2013 _222 |
| 100 | 1 |
_aCharlett, Andrew J. _916706 |
|
| 245 | 1 | 0 |
_aFundamental building Technology / _cAndrew J. Charlett. |
| 260 |
_aLondon ; _bRoutledge, _c2013 |
||
| 300 |
_axi, 372 p. : _bill. ; _c26 cm. |
||
| 504 | _aIncludes bibliographical references (p. [265]-268) and index. | ||
| 650 | 0 |
_aBuilding. _916707 |
|
| 856 | 4 | 1 |
_3Table of contents only _uhttp://www.loc.gov/catdir/toc/fy0805/2006014984.html |
| 906 |
_a7 _bcbc _corignew _d1 _eecip _f20 _gy-gencatlg |
||
| 942 |
_2ddc _cO_SHELF |
||
| 999 |
_c8184 _d8184 |
||